Terres cuites grecques aux Musées Royaux d'Art et d'Histoire : Guide sommaire.

Bibliographic Details
Corporate Author: Musées royaux d'art et d'histoire (Belgium)
Other Authors: Verhoogen, Violette
Format: Book
Language:French
Published: Bruxelles : Editions de La Connaissance, 1956.
Subjects:

MARC

Tag First Indicator Second Indicator Subfields
LEADER 00000cam a2200000 i 4500
001 in00001490621
005 20151021065637.0
008 770624s1956 be af c 000 0 fre d
035 |a (OCoLC)03066267 
035 |9 AJG8713AM 
040 |a ZYU  |c ZYU  |d TXA  |d UtOrBLW 
049 |a TXAM 
090 |a NB155  |b .M87 1956 
110 2 |a Musées royaux d'art et d'histoire (Belgium) 
245 1 0 |a Terres cuites grecques aux Musées Royaux d'Art et d'Histoire :  |b Guide sommaire. 
264 1 |a Bruxelles :  |b Editions de La Connaissance,  |c 1956. 
300 |a 56 pages :  |b illustrations, 16 plates ;  |c 22 cm. 
336 |a text  |b txt  |2 rdacontent 
337 |a unmediated  |b n  |2 rdamedia 
338 |a volume  |b nc  |2 rdacarrier 
500 |a At head of title-page: Violette Verhoogen, Conservateur du Département des Antiquités grecques et romaines. 
650 0 |a Terra-cotta sculpture, Greek. 
700 1 |a Verhoogen, Violette. 
948 |a c:jls 
999 |a MARS 
999 f f |s c97734b5-6d59-367b-ab46-7eb0bb1607a3  |i a71884a4-c9e4-3558-9007-6ee91a5ee336  |t 0 
952 f f |p noncirc  |a Texas A&M University  |b College Station  |c Sterling C. Evans Library  |d Bodrum (located in Turkey)  |t 0  |e NB155 .M87 1956  |h Library of Congress classification  |i unmediated -- volume 
998 f f |a NB155 .M87 1956  |t 0  |l Bodrum (located in Turkey)